Xã hội hoá văn hoá trong công tác đào tạo /
Wedi'i Gadw mewn:
| Prif Awdur: | |
|---|---|
| Fformat: | Erthygl |
| Iaith: | Vietnamese |
| Pynciau: | |
| Tagiau: |
Ychwanegu Tag
Dim Tagiau, Byddwch y cyntaf i dagio'r cofnod hwn!
|
| Thư viện lưu trữ: | Thư viện Trường Đại học Đà Lạt |
|---|
| LEADER | 00796nam a2200277 4500 | ||
|---|---|---|---|
| 001 | DLU090073033 | ||
| 005 | ##20090508 | ||
| 040 | # | # | |a DLU |b vie |
| 041 | # | # | |a vie |
| 044 | # | # | |a vn |
| 100 | # | # | |a Nguyễn Đức Hữu. |
| 245 | # | # | |a Xã hội hoá văn hoá trong công tác đào tạo / |c Nguyễn Đức Hữu. |
| 653 | # | # | |a Đào tạo |
| 653 | # | # | |a Phát triển giáo dục |
| 653 | # | # | |a Xã hội học tập |
| 653 | # | # | |a Xã hội hoá |
| 773 | # | # | |t Khoa học Xã hội |g Số 26, 1995, tr. 130-134 |
| 920 | # | # | |a Phòng Tạp chí -- Trung tâm Thông tin - Thư viện Trường Đại học Đà Lạt |
| 994 | # | # | |a DLU |
| 900 | # | # | |a True |
| 911 | # | # | |a Nguyễn Thanh Hương |
| 925 | # | # | |a G |
| 926 | # | # | |a A |
| 927 | # | # | |a BB |
| 980 | # | # | |a Thư viện Trường Đại học Đà Lạt |